000 00841nam a2200277 a 4500
001 BRL_1114
005 20190320211035.0
008 121113s1979----mx-a######---#000-0#eng-#
020 _a9687074027
041 _aeng
044 _amx
050 4 _aF1219.73
_b.H67 1979
100 1 _aHorcasitas, Fernando
_925827
245 1 0 _aThe aztecs then and now
_cby Fernando Horcasitas ; Drawings by Alberto Beltrán
260 _aMéxico, D.F.
_bMinutae Mexicana
_c1979
300 _a168 p.
_bil.
_c21 cm.
440 0 _aIndian peoples of Mexico series
_925828
500 _aej.1 Au1294, ej.2 Au2073
500 _aLa biblioteca cuenta con 2 ejemplares
504 _aBibliografía: p. 167-168
650 1 4 _aAztecas
_92396
650 1 4 _aIndígenas de México
_94678
700 1 _aBeltrán, Alberto
_eil.
_99572
902 _aGRL
942 _2lcc
_cB
999 _c9926
_d9926